<?xml version="1.0" encoding="UTF-8"?>
<collection xmlns="http://www.loc.gov/MARC21/slim">
 <record>
  <leader>08004cam a2201141   4500</leader>
  <controlfield tag="001">387740066</controlfield>
  <controlfield tag="003">DE-627</controlfield>
  <controlfield tag="005">20250204132503.0</controlfield>
  <controlfield tag="007">tu</controlfield>
  <controlfield tag="008">040524s2004    gw ||||| m    00| ||ger c</controlfield>
  <datafield tag="015" ind1=" " ind2=" ">
   <subfield code="a">04,N23,1432</subfield>
   <subfield code="2">dnb</subfield>
  </datafield>
  <datafield tag="015" ind1=" " ind2=" ">
   <subfield code="a">04,A52,1519</subfield>
   <subfield code="2">dnb</subfield>
  </datafield>
  <datafield tag="016" ind1="7" ind2=" ">
   <subfield code="a">971167303</subfield>
   <subfield code="2">DE-101</subfield>
  </datafield>
  <datafield tag="020" ind1=" " ind2=" ">
   <subfield code="a">9783894453367</subfield>
   <subfield code="9">978-3-89445-336-7</subfield>
  </datafield>
  <datafield tag="020" ind1=" " ind2=" ">
   <subfield code="a">3894453362</subfield>
   <subfield code="c">Pp. : EUR 30.00</subfield>
   <subfield code="9">3-89445-336-2</subfield>
  </datafield>
  <datafield tag="024" ind1="3" ind2=" ">
   <subfield code="a">9783894453367</subfield>
  </datafield>
  <datafield tag="035" ind1=" " ind2=" ">
   <subfield code="a">(DE-627)387740066</subfield>
  </datafield>
  <datafield tag="035" ind1=" " ind2=" ">
   <subfield code="a">(DE-576)112270603</subfield>
  </datafield>
  <datafield tag="035" ind1=" " ind2=" ">
   <subfield code="a">(DE-599)GBV387740066</subfield>
  </datafield>
  <datafield tag="035" ind1=" " ind2=" ">
   <subfield code="a">(OCoLC)238502177</subfield>
  </datafield>
  <datafield tag="035" ind1=" " ind2=" ">
   <subfield code="a">(OCoLC)57170893</subfield>
  </datafield>
  <datafield tag="035" ind1=" " ind2=" ">
   <subfield code="a">(OCoLC)938731652</subfield>
  </datafield>
  <datafield tag="035" ind1=" " ind2=" ">
   <subfield code="a">(AT-OBV)AC04304431</subfield>
  </datafield>
  <datafield tag="040" ind1=" " ind2=" ">
   <subfield code="a">DE-627</subfield>
   <subfield code="b">ger</subfield>
   <subfield code="c">DE-627</subfield>
   <subfield code="e">rakwb</subfield>
  </datafield>
  <datafield tag="041" ind1=" " ind2=" ">
   <subfield code="a">ger</subfield>
  </datafield>
  <datafield tag="044" ind1=" " ind2=" ">
   <subfield code="c">XA-DE-HE</subfield>
  </datafield>
  <datafield tag="050" ind1=" " ind2="0">
   <subfield code="a">PN1995.9.A73</subfield>
  </datafield>
  <datafield tag="082" ind1="0" ind2=" ">
   <subfield code="a">791.4365287</subfield>
  </datafield>
  <datafield tag="082" ind1="0" ind2=" ">
   <subfield code="a">791</subfield>
  </datafield>
  <datafield tag="082" ind1="0" ind2=" ">
   <subfield code="a">791.43/65287</subfield>
  </datafield>
  <datafield tag="082" ind1="0" ind2="4">
   <subfield code="a">791</subfield>
  </datafield>
  <datafield tag="084" ind1=" " ind2=" ">
   <subfield code="a">9,10</subfield>
   <subfield code="2">ssgn</subfield>
  </datafield>
  <datafield tag="084" ind1=" " ind2=" ">
   <subfield code="a">AP 52100</subfield>
   <subfield code="q">BVB</subfield>
   <subfield code="2">rvk</subfield>
   <subfield code="0">(DE-625)rvk/7711:</subfield>
  </datafield>
  <datafield tag="084" ind1=" " ind2=" ">
   <subfield code="a">AP 59706</subfield>
   <subfield code="q">BVB</subfield>
   <subfield code="2">rvk</subfield>
   <subfield code="0">(DE-625)rvk/7794:663</subfield>
  </datafield>
  <datafield tag="084" ind1=" " ind2=" ">
   <subfield code="a">AP 59710</subfield>
   <subfield code="2">rvk</subfield>
   <subfield code="0">(DE-625)rvk/7794:667</subfield>
  </datafield>
  <datafield tag="084" ind1=" " ind2=" ">
   <subfield code="a">AP 45700</subfield>
   <subfield code="2">rvk</subfield>
   <subfield code="0">(DE-625)rvk/7525:</subfield>
  </datafield>
  <datafield tag="084" ind1=" " ind2=" ">
   <subfield code="a">24.34</subfield>
   <subfield code="2">bkl</subfield>
  </datafield>
  <datafield tag="084" ind1=" " ind2=" ">
   <subfield code="a">24.32</subfield>
   <subfield code="2">bkl</subfield>
  </datafield>
  <datafield tag="084" ind1=" " ind2=" ">
   <subfield code="a">71.31</subfield>
   <subfield code="2">bkl</subfield>
  </datafield>
  <datafield tag="100" ind1="1" ind2=" ">
   <subfield code="a">Schrödl, Barbara</subfield>
   <subfield code="d">1965-</subfield>
   <subfield code="0">(DE-588)1120045231</subfield>
   <subfield code="0">(DE-627)873168445</subfield>
   <subfield code="0">(DE-576)480118256</subfield>
   <subfield code="4">aut</subfield>
  </datafield>
  <datafield tag="245" ind1="1" ind2="4">
   <subfield code="a">Das Bild des Künstlers und seiner Frauen</subfield>
   <subfield code="b">Beziehungen zwischen Kunstgeschichte und Populärkultur in Spielfilmen des Nationalsozialismus und der Nachkriegszeit</subfield>
   <subfield code="c">Barbara Schrödl</subfield>
  </datafield>
  <datafield tag="263" ind1=" " ind2=" ">
   <subfield code="a">Gb. : EUR 30.00</subfield>
  </datafield>
  <datafield tag="264" ind1=" " ind2="1">
   <subfield code="a">Marburg</subfield>
   <subfield code="b">Jonas-Verl.</subfield>
   <subfield code="c">2004</subfield>
  </datafield>
  <datafield tag="300" ind1=" " ind2=" ">
   <subfield code="a">316 S.</subfield>
   <subfield code="b">Ill.</subfield>
  </datafield>
  <datafield tag="336" ind1=" " ind2=" ">
   <subfield code="a">Text</subfield>
   <subfield code="b">txt</subfield>
   <subfield code="2">rdacontent</subfield>
  </datafield>
  <datafield tag="337" ind1=" " ind2=" ">
   <subfield code="a">ohne Hilfsmittel zu benutzen</subfield>
   <subfield code="b">n</subfield>
   <subfield code="2">rdamedia</subfield>
  </datafield>
  <datafield tag="338" ind1=" " ind2=" ">
   <subfield code="a">Band</subfield>
   <subfield code="b">nc</subfield>
   <subfield code="2">rdacarrier</subfield>
  </datafield>
  <datafield tag="490" ind1="1" ind2=" ">
   <subfield code="a">Studien zur visuellen Kultur</subfield>
   <subfield code="v">3</subfield>
  </datafield>
  <datafield tag="500" ind1=" " ind2=" ">
   <subfield code="a">Literaturverz. S. 295 - 314</subfield>
  </datafield>
  <datafield tag="502" ind1=" " ind2=" ">
   <subfield code="a">Teilw. zugl.: Bremen, Univ., Diss., 2001</subfield>
  </datafield>
  <datafield tag="520" ind1=" " ind2=" ">
   <subfield code="a">Gegenstand der im Feld zwischen Kunstgeschichte, Filmwissenschaft, Forschungen zum Nationalsozialismus und dessen Nachwirkungen, sowie Gender Studies angesiedelten Untersuchung sind Spielfilme des Nationalsozialismus und der Nachkriegszeit, in denen Künstlerfiguren eine zentrale Rolle spielen. Spielfilme wurden als Indikatoren für Entwicklungen im Bereich der Kunst gelesen und hinsichtlich des Ortes befragt, der Künstlern und Künstlerinnen im Prozess der Reorganisation der gesellschaftlichen und politischen Verhältnisse zugewiesen wurde. Mit der Konzentration auf den Nationalsozialismus und die Nachkriegszeit wird ein Zeitraum in den Blick genommen, in dem das Bild des Künstlers Funktionen aufweist, die über eine &quot;rein&quot; künstlerische Bedeutung hinausgehen. Der Kunst und insbesondere der Figur des Künstlers kam in beiden Perioden breites Interesse und eine spezifische Faszination zu. Am Beispiel von Kunst und Kreativität wurden Konstruktionen von Geschichte wie auch Geschlechterkonstruktionen thematisiert. Im Spielfilm wurden dabei Aspekte dieser Diskurse ins Bild gesetzt, die an anderen Orten nicht ins Blickfeld gerieten. In der Untersuchung wird aufgezeigt, dass der Kunstdiskurs der Nachkriegszeit Argumentationsmuster aufweist, die bereits die nationalsozialistische Kunstpolitik bestimmt hatten. Der Spielfilm ist von besonderer Brisanz, da er in einer Kontinuität der ästhetischen Urteile der nationalsozialistischen Kampagne &quot;entartete Kunst&quot; steht, während der hochkulturelle Diskurs durch eine partielle Rehabilitation &quot;der Moderne&quot; bestimmt war. In der vergleichenden Zusammenschau erweisen sich das populäre Medium Kino und die Hochkultur als zwei Teilbereiche eines Diskurses, der an unterschiedlichen Orten polare Muster ausbildete, die sich gegenseitig kommentierten und einen gemeinsamen Gegenstand hervorbrachten: Eine Kontinuität des Nationalen in der Kunst. Methodisch konnte an Kracauers Rekonstruktion der Filmgeschichte als Mentalitätsgeschichte (1947) angeknüpft werden, die mit psychoanalytischen und semiologischen Interpretationsverfahren erweitert wurde. Beschreibt man Spielfilme in Anschluss an Kracauer (1927) als &quot;Tagträume der Gesellschaft&quot;, lassen sie sich als Raum analysieren, in dem die im intersubjektiven Unbewussten niedergeschriebenen, sich in ständiger Umschrift befindlichen Erinnerungsspuren zirkulieren, und der zur Selbstbeschreibung einer nationalen Gemeinschaft beitragen kann</subfield>
  </datafield>
  <datafield tag="583" ind1="1" ind2=" ">
   <subfield code="a">Archivierung/Langzeitarchivierung gewährleistet</subfield>
   <subfield code="f">SSG</subfield>
   <subfield code="x">XA-DE-BW</subfield>
   <subfield code="2">pdager</subfield>
   <subfield code="5">DE-16</subfield>
  </datafield>
  <datafield tag="650" ind1=" " ind2="0">
   <subfield code="a">Artists in motion pictures</subfield>
  </datafield>
  <datafield tag="650" ind1=" " ind2="0">
   <subfield code="a">Women in motion pictures</subfield>
  </datafield>
  <datafield tag="650" ind1=" " ind2="0">
   <subfield code="a">Sex role in motion pictures</subfield>
  </datafield>
  <datafield tag="650" ind1=" " ind2="0">
   <subfield code="a">Art in motion pictures</subfield>
  </datafield>
  <datafield tag="650" ind1=" " ind2="0">
   <subfield code="a">Motion pictures</subfield>
   <subfield code="x">Germany</subfield>
  </datafield>
  <datafield tag="650" ind1=" " ind2="0">
   <subfield code="a">National socialism and motion pictures</subfield>
  </datafield>
  <datafield tag="655" ind1=" " ind2="7">
   <subfield code="a">Hochschulschrift</subfield>
   <subfield code="0">(DE-588)4113937-9</subfield>
   <subfield code="0">(DE-627)105825778</subfield>
   <subfield code="0">(DE-576)209480580</subfield>
   <subfield code="2">gnd-content</subfield>
  </datafield>
  <datafield tag="689" ind1="0" ind2="0">
   <subfield code="d">g</subfield>
   <subfield code="0">(DE-588)4011882-4</subfield>
   <subfield code="0">(DE-627)104704861</subfield>
   <subfield code="0">(DE-576)208896155</subfield>
   <subfield code="a">Deutschland</subfield>
   <subfield code="2">gnd</subfield>
  </datafield>
  <datafield tag="689" ind1="0" ind2="1">
   <subfield code="d">s</subfield>
   <subfield code="0">(DE-588)4017102-4</subfield>
   <subfield code="0">(DE-627)104559683</subfield>
   <subfield code="0">(DE-576)208918531</subfield>
   <subfield code="a">Film</subfield>
   <subfield code="2">gnd</subfield>
  </datafield>
  <datafield tag="689" ind1="0" ind2="2">
   <subfield code="d">s</subfield>
   <subfield code="0">(DE-588)4122247-7</subfield>
   <subfield code="0">(DE-627)105763861</subfield>
   <subfield code="0">(DE-576)209549831</subfield>
   <subfield code="a">Künstler</subfield>
   <subfield code="g">Motiv</subfield>
   <subfield code="2">gnd</subfield>
  </datafield>
  <datafield tag="689" ind1="0" ind2="3">
   <subfield code="d">s</subfield>
   <subfield code="0">(DE-588)4372433-4</subfield>
   <subfield code="0">(DE-627)18379382X</subfield>
   <subfield code="0">(DE-576)21174641X</subfield>
   <subfield code="a">Männlichkeit</subfield>
   <subfield code="g">Motiv</subfield>
   <subfield code="2">gnd</subfield>
  </datafield>
  <datafield tag="689" ind1="0" ind2="4">
   <subfield code="a">z</subfield>
   <subfield code="2">gnd</subfield>
   <subfield code="a">Geschichte 1933-1960</subfield>
  </datafield>
  <datafield tag="689" ind1="0" ind2=" ">
   <subfield code="5">DE-101</subfield>
  </datafield>
  <datafield tag="689" ind1="1" ind2="0">
   <subfield code="d">g</subfield>
   <subfield code="0">(DE-588)4011882-4</subfield>
   <subfield code="0">(DE-627)104704861</subfield>
   <subfield code="0">(DE-576)208896155</subfield>
   <subfield code="a">Deutschland</subfield>
   <subfield code="2">gnd</subfield>
  </datafield>
  <datafield tag="689" ind1="1" ind2="1">
   <subfield code="d">s</subfield>
   <subfield code="0">(DE-588)4017102-4</subfield>
   <subfield code="0">(DE-627)104559683</subfield>
   <subfield code="0">(DE-576)208918531</subfield>
   <subfield code="a">Film</subfield>
   <subfield code="2">gnd</subfield>
  </datafield>
  <datafield tag="689" ind1="1" ind2="2">
   <subfield code="d">s</subfield>
   <subfield code="0">(DE-588)4122247-7</subfield>
   <subfield code="0">(DE-627)105763861</subfield>
   <subfield code="0">(DE-576)209549831</subfield>
   <subfield code="a">Künstler</subfield>
   <subfield code="g">Motiv</subfield>
   <subfield code="2">gnd</subfield>
  </datafield>
  <datafield tag="689" ind1="1" ind2="3">
   <subfield code="d">s</subfield>
   <subfield code="0">(DE-588)4113617-2</subfield>
   <subfield code="0">(DE-627)104653604</subfield>
   <subfield code="0">(DE-576)209477962</subfield>
   <subfield code="a">Frau</subfield>
   <subfield code="g">Motiv</subfield>
   <subfield code="2">gnd</subfield>
  </datafield>
  <datafield tag="689" ind1="1" ind2="4">
   <subfield code="d">s</subfield>
   <subfield code="0">(DE-588)4222106-7</subfield>
   <subfield code="0">(DE-627)105004707</subfield>
   <subfield code="0">(DE-576)210278455</subfield>
   <subfield code="a">Geschlechterrolle</subfield>
   <subfield code="g">Motiv</subfield>
   <subfield code="2">gnd</subfield>
  </datafield>
  <datafield tag="689" ind1="1" ind2="5">
   <subfield code="a">z</subfield>
   <subfield code="2">gnd</subfield>
   <subfield code="a">Geschichte 1933-1960</subfield>
  </datafield>
  <datafield tag="689" ind1="1" ind2=" ">
   <subfield code="5">(DE-627)</subfield>
  </datafield>
  <datafield tag="751" ind1=" " ind2=" ">
   <subfield code="a">Bremen</subfield>
   <subfield code="0">(DE-588)4008135-7</subfield>
   <subfield code="0">(DE-627)106369636</subfield>
   <subfield code="0">(DE-576)208874569</subfield>
   <subfield code="4">uvp</subfield>
  </datafield>
  <datafield tag="787" ind1="0" ind2="8">
   <subfield code="i">Rezension</subfield>
   <subfield code="a">Ziese, Maren</subfield>
   <subfield code="t">Barbara Schrödl: Das Bild des Künstlers und seiner Frauen</subfield>
   <subfield code="d">2005</subfield>
   <subfield code="w">(DE-627)1483890074</subfield>
   <subfield code="w">(DE-576)413890074</subfield>
  </datafield>
  <datafield tag="830" ind1=" " ind2="0">
   <subfield code="a">Studien zur visuellen Kultur</subfield>
   <subfield code="v">3</subfield>
   <subfield code="9">3</subfield>
   <subfield code="w">(DE-627)369549562</subfield>
   <subfield code="w">(DE-576)088034348</subfield>
   <subfield code="w">(DE-600)2119857-3</subfield>
   <subfield code="7">ns</subfield>
  </datafield>
  <datafield tag="856" ind1="4" ind2="2">
   <subfield code="u">https://swbplus.bsz-bw.de/bsz112270603inh.htm</subfield>
   <subfield code="m">V:DE-576</subfield>
   <subfield code="q">text/html</subfield>
   <subfield code="3">Inhaltsverzeichnis</subfield>
  </datafield>
  <datafield tag="935" ind1=" " ind2=" ">
   <subfield code="i">Blocktest</subfield>
  </datafield>
  <datafield tag="936" ind1="r" ind2="v">
   <subfield code="a">AP 52100</subfield>
   <subfield code="b">Unterhaltungsfilm</subfield>
   <subfield code="k">Allgemeines</subfield>
   <subfield code="k">Medien- und Kommunikationswissenschaften, Medienkulturwissenschaft, Kommunikationsdesign</subfield>
   <subfield code="k">Film</subfield>
   <subfield code="k">Spielfilm</subfield>
   <subfield code="k">Unterhaltungsfilm</subfield>
   <subfield code="0">(DE-627)1270690604</subfield>
   <subfield code="0">(DE-625)rvk/7711:</subfield>
   <subfield code="0">(DE-576)200690604</subfield>
  </datafield>
  <datafield tag="936" ind1="r" ind2="v">
   <subfield code="a">AP 59706</subfield>
   <subfield code="b">Europa</subfield>
   <subfield code="k">Allgemeines</subfield>
   <subfield code="k">Medien- und Kommunikationswissenschaften, Medienkulturwissenschaft, Kommunikationsdesign</subfield>
   <subfield code="k">Film</subfield>
   <subfield code="k">Film in einzelnen Ländern</subfield>
   <subfield code="k">Sekundärliteratur zu Filmen in einzelnen Ländern</subfield>
   <subfield code="k">Europa</subfield>
   <subfield code="0">(DE-627)1272518973</subfield>
   <subfield code="0">(DE-625)rvk/7794:663</subfield>
   <subfield code="0">(DE-576)202518973</subfield>
  </datafield>
  <datafield tag="936" ind1="r" ind2="v">
   <subfield code="a">AP 59710</subfield>
   <subfield code="b">Deutschland</subfield>
   <subfield code="k">Allgemeines</subfield>
   <subfield code="k">Medien- und Kommunikationswissenschaften, Medienkulturwissenschaft, Kommunikationsdesign</subfield>
   <subfield code="k">Film</subfield>
   <subfield code="k">Film in einzelnen Ländern</subfield>
   <subfield code="k">Sekundärliteratur zu Filmen in einzelnen Ländern</subfield>
   <subfield code="k">Europa</subfield>
   <subfield code="k">Mitteleuropa</subfield>
   <subfield code="k">Deutschland</subfield>
   <subfield code="0">(DE-627)1271571471</subfield>
   <subfield code="0">(DE-625)rvk/7794:667</subfield>
   <subfield code="0">(DE-576)201571471</subfield>
  </datafield>
  <datafield tag="936" ind1="r" ind2="v">
   <subfield code="a">AP 45700</subfield>
   <subfield code="b">Soziologie</subfield>
   <subfield code="k">Allgemeines</subfield>
   <subfield code="k">Medien- und Kommunikationswissenschaften, Medienkulturwissenschaft, Kommunikationsdesign</subfield>
   <subfield code="k">Film</subfield>
   <subfield code="k">Theorie, Methodik, Didaktik</subfield>
   <subfield code="k">Soziologie</subfield>
   <subfield code="0">(DE-627)127068955X</subfield>
   <subfield code="0">(DE-625)rvk/7525:</subfield>
   <subfield code="0">(DE-576)20068955X</subfield>
  </datafield>
  <datafield tag="936" ind1="b" ind2="k">
   <subfield code="a">24.34</subfield>
   <subfield code="j">Filmgattungen</subfield>
   <subfield code="j">Filmsparten</subfield>
   <subfield code="0">(DE-627)106405918</subfield>
  </datafield>
  <datafield tag="936" ind1="b" ind2="k">
   <subfield code="a">24.32</subfield>
   <subfield code="j">Filmgeschichte</subfield>
   <subfield code="0">(DE-627)106405934</subfield>
  </datafield>
  <datafield tag="936" ind1="b" ind2="k">
   <subfield code="a">71.31</subfield>
   <subfield code="j">Geschlechter und ihr Verhalten</subfield>
   <subfield code="0">(DE-627)106412655</subfield>
  </datafield>
  <datafield tag="951" ind1=" " ind2=" ">
   <subfield code="a">BO</subfield>
  </datafield>
  <datafield tag="990" ind1=" " ind2=" ">
   <subfield code="a">Deutschland</subfield>
  </datafield>
  <datafield tag="990" ind1=" " ind2=" ">
   <subfield code="a">Film</subfield>
  </datafield>
  <datafield tag="990" ind1=" " ind2=" ">
   <subfield code="a">Künstler</subfield>
  </datafield>
  <datafield tag="990" ind1=" " ind2=" ">
   <subfield code="a">Männlichkeit</subfield>
  </datafield>
  <datafield tag="990" ind1=" " ind2=" ">
   <subfield code="a">Geschichte 1933-1960</subfield>
  </datafield>
  <datafield tag="990" ind1=" " ind2=" ">
   <subfield code="a">Deutschland</subfield>
  </datafield>
  <datafield tag="990" ind1=" " ind2=" ">
   <subfield code="a">Film</subfield>
  </datafield>
  <datafield tag="990" ind1=" " ind2=" ">
   <subfield code="a">Künstler</subfield>
  </datafield>
  <datafield tag="990" ind1=" " ind2=" ">
   <subfield code="a">Frau</subfield>
  </datafield>
  <datafield tag="990" ind1=" " ind2=" ">
   <subfield code="a">Geschlechterrolle</subfield>
  </datafield>
  <datafield tag="990" ind1=" " ind2=" ">
   <subfield code="a">Geschichte 1933-1960</subfield>
  </datafield>
  <datafield tag="991" ind1=" " ind2=" ">
   <subfield code="a">Rezensiertes Werk</subfield>
  </datafield>
  <datafield tag="999" ind1=" " ind2=" ">
   <subfield code="a">KXP-PPN387740066</subfield>
   <subfield code="e">3850963292</subfield>
  </datafield>
 </record>
</collection>
